Feriálny lekcionár Rímsky misál obnovený podľa smerníc stanovených Druhým vatikánskym koncilom a vyhlásený autoritou pápeža Pavla VI. : Čítania v omšiach na férie v advente, vo vianočnom období, v pôstnom období a vo veľkonočnom období : Dodatok Čítanie na sviatky svätých a Spoločné čítanie : Pre slovenských veriacich v zahraničí

Bibliographic Details
Format: Book
Language:Slovak
PhysicalDescription:639 s. Front., noty 21,5 cm
Published: Rím Slovenský ústav sv. Cyrila a Metoda 1981
Series:Liturgia zv. 51
Subjects:

MARC

LEADER 00000nam a2200000 a 4500
001 vtls001175583
003 SK-MaSNL
005 20260302020219.0
008 250414s1981 IT 0 slo
015 |a SNBZSA1992 
035 |a SNK000118579 
040 |a SNK  |b slo  |c SNK  |e AACR2 
041 0 |a slo 
044 |a IT 
080 |a 264-1:282  |2 1981 
080 |a 282  |2 1981 
245 0 0 |a Feriálny lekcionár  |b Rímsky misál obnovený podľa smerníc stanovených Druhým vatikánskym koncilom a vyhlásený autoritou pápeža Pavla VI. : Čítania v omšiach na férie v advente, vo vianočnom období, v pôstnom období a vo veľkonočnom období : Dodatok Čítanie na sviatky svätých a Spoločné čítanie : Pre slovenských veriacich v zahraničí 
260 |a Rím  |b Slovenský ústav sv. Cyrila a Metoda  |c 1981 
300 |a 639 s.  |b Front., noty  |c 21,5 cm 
366 |e 100 výt. 
490 0 |a Liturgia  |v zv. 51 
500 |a Náz. na väzbe Lekcionár 2. 
500 |a Údaj o ed. a nákl. zist. mimo dok. 
650 0 7 |a [RB 527]  |2 SNK  |9 662877 
852 |a Slovenská národná knižnica 
954 |a liturgia  |a cirkev rímskokatolícka  |a lekcionáre 
958 |a APR 
958 |a NS 
958 |a TL 
958 |a ZS 
958 |a OND 
999 |c 1024261  |d 1026191 
952 |t P60, <03>, [BOOK], {603}  |a SNK  |b SNK  |y PREZ  |7 0  |p 17A0137866  |o snkSC 82484  |0 0  |1 0  |4 0  |d 1998-05-11  |l 0  |r 2025-08-19 00:00:00  |w 2026-02-24